000 00366nam a22001337a 4500
041 _aENG
100 _aBhushan. L.S
245 _aSoli And Water Conservation Challenges and Opportunities Vol 2
260 _aNew Delhi
_bOxford & Ibh Publishing Co .Pvt.Ltd
_c1998
300 _a1700
650 _aSWCE
700 _aI.P Abrol , M.S rama Mohan Rao
856 _uSWCE
999 _c3242
_d3242